000 00487nam a2200181Ia 4500
005 20250326143921.0
008 250326s9999 xx 000 0 und d
037 _aTextbook
040 _aFMSL
_beng
_cFMSL
041 _aeng
_2eng
084 _aS P8
_qFMSL
100 _aGoode E
_9748703
245 0 _aExtreme deviance
_cGoode E
260 _aNew Delhi
_bNew Delhi, Pine Forge Press
_c2008
365 _b62553.106755000001
942 _cTB
_hS P8
999 _c1301605
_d1301605